Statistiques concernant Les finalistes de la Ligue des Champions depuis la saison 1992-1993

Cliquez ici pour prendre le quiz!

Statistiques générales

  • Ce quiz a été pris 366 fois
  • Le résultat moyen est 43 sur 48

Statistiques - réponses

AnnéeClub% Correct
Vainqueur 2014Real Madrid CF
97%
Vainqueur 1998Real Madrid CF
97%
Vainqueur 2016Real Madrid CF
97%
Vainqueur 2002Real Madrid CF
97%
Vainqueur 2000Real Madrid CF
97%
Finaliste 1993AC Milan
96%
Vainqueur 2003AC Milan
96%
Finaliste 2005AC Milan
96%
Vainqueur 2007AC Milan
96%
Vainqueur 1994AC Milan
96%
Finaliste 1995AC Milan
96%
Vainqueur 2011FC Barcelona
95%
Vainqueur 2015FC Barcelona
95%
Vainqueur 2012FC Barcelona
95%
Vainqueur 2006FC Barcelona
95%
Vainqueur 2009FC Barcelona
95%
Finaliste 1994FC Barcelona
95%
Finaliste 2008Chelsea FC
93%
Finaliste 2012Chelsea FC
93%
Finaliste 1999FC Bayern München
93%
Vainqueur 2001FC Bayern München
93%
Finaliste 2010FC Bayern München
93%
Vainqueur 2013FC Bayern München
93%
Vainqueur 2010FC Internazionale Milano
92%
Finaliste 2003Juventus FC
92%
Finaliste 1998Juventus FC
92%
Finaliste 1997Juventus FC
92%
Finaliste 2015Juventus FC
92%
Vainqueur 1996Juventus FC
92%
Vainqueur 1999Manchester United FC
92%
Finaliste 2011Manchester United FC
92%
Vainqueur 2008Manchester United FC
92%
Finaliste 2009Manchester United FC
92%
Finaliste 2014Club Atlético de Madrid
91%
Finaliste 2016Club Atlético de Madrid
91%
Vainqueur 2005Liverpool FC
91%
Finaliste 2007Liverpool FC
91%
Vainqueur 2004FC Porto
86%
Vainqueur 1993Olympique de Marseille
86%
Finaliste 2006Arsenal FC
85%
Finaliste 2013BV 09 Borussia Dortmund
84%
Vainqueur 1997BV 09 Borussia Dortmund
84%
Finaliste 2004AS Monaco FC
80%
Finaliste 1996AFC Ajax
74%
Vainqueur 1995AFC Ajax
74%
Finaliste 2001València CF
68%
Finaliste 2000València CF
68%
Finaliste 2002TSV Bayer 04 Leverkusen
66%

Distribution des résultats

Percentile par nombre de réponses

% des personnes avec chaque résultat

Votre développement - résultats

Vous n’avez pas pris ce quiz